Paradigms of the wastelands development programme in India (1985-1996) (Record no. 482091)

000 -LEADER
fixed length control field 00523cam a22001457a 4500
008 - FIXED-LENGTH DATA ELEMENTS--GENERAL INFORMATION
fixed length control field 180718b1997 xxu||||| |||| 00| 0 eng d
082 ## - DEWEY DECIMAL CLASSIFICATION NUMBER
Classification number APPPA 96-97 PAN/18
100 ## - MAIN ENTRY--PERSONAL NAME
Personal name Pandey, Kamlesh Kumar
245 ## - TITLE STATEMENT
Title Paradigms of the wastelands development programme in India (1985-1996)
Statement of responsibility, etc. by Kamlesh Kumar Pandey
260 ## - PUBLICATION, DISTRIBUTION, ETC.
Place of publication, distribution, etc. New Delhi
Name of publisher, distributor, etc. Indian Institute of Public Administration
Date of publication, distribution, etc. 1997
300 ## - PHYSICAL DESCRIPTION
Extent 99p.
500 ## - GENERAL NOTE
General note An APPPA M.Phil dissertation, 1996-97
650 ## - SUBJECT ADDED ENTRY--TOPICAL TERM
Topical term or geographic name entry element APPPA
650 ## - SUBJECT ADDED ENTRY--TOPICAL TERM
Topical term or geographic name entry element Wastelands - Law and legislation - India
Holdings
Withdrawn status Lost status Damaged status Not for loan Permanent Location Current Location Date acquired Full call number Barcode Date last seen Price effective from Koha item type
        Indian Institute of Public Administration Indian Institute of Public Administration 2018-08-04 APPPA 96-97 PAN/18 GR14368 2018-08-04 2018-08-04 GR

Powered by Koha